Britský reťazec má problémy

Obchodná sieť Tesco čelí prepadom tržieb aj zisku. Hrozia škrty aj odchod zo slovenského trhu. Možní záujemcovia o slovenské Tesco.

Salvato in:
Dettagli Bibliografici
Autore principale: Meľuch, Ján
Natura: Capitolo di libro
Lingua:slovacco
Soggetti:
Tags: Aggiungi Tag
Nessun Tag, puoi essere il primo ad aggiungerne!!

MARC

LEADER 00000naa a2200000 4500
001 0200647
005 20231208070713.1
041 0 |a slo 
044 |a SK 
245 1 0 |a Britský reťazec má problémy  |c Ján Meľuch 
520 |a Obchodná sieť Tesco čelí prepadom tržieb aj zisku. Hrozia škrty aj odchod zo slovenského trhu. Možní záujemcovia o slovenské Tesco. 
610 2 0 |a siete obchodné 
610 2 0 |a Slovensko 
100 1 |a Meľuch, Ján